00773cam a22002171 4500001001300000003000400013005001700017008004100034010001700075035001900092040001800111050002800129051001900157100004100176245007800217500011800295500003500413650000900448810005800457830004000515cd 37000022 DLC20260227111147.0750318||||| xx 000 0 eng  acd 37000022  a(OCoLC)1220900 aDLCcMeBdDLC00aQL1b.F4 vol. 20, no. 5 aQL737.C5bS3151 aSanborn, Colin Campbell,d1897-1962.10aBats of the genera Anoura and Lonchoglossa,cby Colin Campbell Sanborn... a(In Zoological series of Field Museum of Natural History. Chicago, 1933-1938. 24 cm. v. 20 [no. 5] p. [23]-27) aIn lower left corner: no. 323. 0aBats2 aChicago Natural History Museum.tPublications ;v323. 0aFieldiana: zoology ;vv. 20, no. 5.